Zur Herkunftsfrage der Teschinken

Titel: Zur Herkunftsfrage der Teschinken : Ein waffengeschichtliches Problem
Verfasser:
In: Zeitschrift für Geschichte und Kulturgeschichte Schlesiens, Band 14/15 (1919), Seite 161-166
alle Artikel anzeigen
Veröffentlicht: 1919/1920 [1920]
Format: Aufsatz
Sprache: Deutsch
Kein Bild verfügbar
X
alg: 39183266
001A    $01999:11-11-16 
001B    $01999:26-04-21 $t20:12:30.000 
001C    $06050:19-11-16 $t09:20:26.000 
001D    $01999:11-11-16 
001U    $0utf8 
001X    $00 
002@    $0Aox 
003@    $0391832662 
007A    $0391832662 $aHEB 
007T    $0Herda04813 
010@    $ager 
011@    $a1919 $b1920 $n1919/1920 [1920] 
021A    $aZur Herkunftsfrage der Teschinken $dEin waffengeschichtliches Problem 
028A    $aKarger $dViktor 
031A    $d14/15 $h161-166 $j1919 
039B    $aIn $8--Abvc--. Zeitschrift für Geschichte und Kulturgeschichte Schlesiens. - Opava : Zemský Archiv, 1918-2006 $x191900000140000839 $9047981504 
045F    $a355.0094371 $eDDC23BSB 
045F/01 $a355.009 
045F/03 $g4371 
045F/03 $g4385 
045T    $a9,10 

lok: 39183266 78

exp: 39183266 78 1 #EPN
201B/01 $026-11-17 $t00:52:12.000 
201U/01 $0utf8 
203@/01 $0787927856 
208@/01 $a11-11-16 $be 
209A/01 $a/ $f000 $x00 
220C/01 $aTitelaufnehmer: cs 
244Z/01 $2Trx $#Silesia $#Śląsk $#Sliezsko $#Slezsko $8--Trx--Schlesien $x01 $9391173987 
244Z/01 $#Tschechien $#Tschechische Republik $#Tschechische Republik $#Tschechenland $#Tschechei Tschechien $#Česká Republika $#Czech Republic $#ČR $74303381-7 $8--Tg1--Tschechien $x02 $9086659812 
244Z/01 $2Trx $#Böhmen $#Bohemia $#Czechy $8--Trx--Čechy $x03 $9391188941 
244Z/01 $aGeschichte 1600-1800 $x04 
244Z/01 $2Trx $#relvastus $#ginklavimasis $#Arms $#fegyverzet $#uzbrojenie $#ozbrojenie $#výzbroj $#Waffen $#zbrane $#zbraně $8--Trx--Bewaffnung $x05 $9391375024 
244Z/01 $2Trx $8--Trx--Zeitschriftenaufsatz $x06 $9391384341 
245Z/01 $a07.06 $x01 
247C/01 $82080>Marburg/Lahn, Herder-Institut, Forschungsbibliothek, Bibliographieportal $9336309341
LEADER 00000caa a22000002c 4500
001 391832662
003 DE-603
005 20210426201230.0
007 tu
008 161111s19191920xx |||| | u00||u|ger c
035 |a (DE-599)HEB391832662 
040 |a DE-603  |b ger  |c DE-603  |d DE-603 
041 |a ger 
082 0 4 |8 1\u  |a 355.0094371  |q DE-101  |2 23/BSB 
084 |a 9,10  |2 ssgn 
085 |8 1\u  |b 355.009 
085 |8 1\u  |z 2  |s 4371 
085 |8 1\u  |z 2  |s 4385 
100 1 |a Karger, Viktor 
245 0 0 |a Zur Herkunftsfrage der Teschinken  |b Ein waffengeschichtliches Problem 
264 0 |c 1919/1920 [1920] 
773 0 8 |i In  |t Zeitschrift für Geschichte und Kulturgeschichte Schlesiens  |d Opava : Zemský Archiv, 1918-2006  |g Band 14/15 (1919), Seite 161-166  |w (DE-603)047981504  |w (DE-600)716156-6 
924 0 |9 2080  |a (DE-603)787927856  |b DE-2080  |c HES  |d d  |g /